000 00479nam a22001697a 4500
005 20231030131646.0
008 231030b |||||||| |||| 00| 0 eng d
020 _a0621113476
041 _aAfrikaans
082 _a347.6 SOU
100 _lAfrikaans
245 _aSuid-Afrikaanse Regskommissie verslag oor die hersieningvan die bewysreg
260 _c1986
300 _bxii, 61 pages ;
_c26 cm.
650 _alegal practice
_bLaw
942 _cBK
_6ALISON_BN_VRIES
999 _c149
_d149